Dreamcatcher members' full profiles - Statistics

General Stats
  • This quiz has been taken 68 times
  • The average score is 57 of 70
Answer Stats
Questions Answers % Correct
Stage name JiU
100%
Stage name Siyeon
100%
Stage name SuA
100%
Birth year 1994
98%
Birth year 1994
98%
Birth year 1995
98%
Birth day 1st
98%
Birth month August
98%
Stage name Dami
98%
Stage name Handong
98%
Full name Han Dong
98%
Birth month May
98%
Stage name Yoohyeon
98%
Birth year 1996
97%
Birth year 1997
97%
Birth year 1997
97%
Birth year 1999
97%
Stage name Gahyun
97%
Birth month January
97%
Full name Kim Bora
97%
Birth month March
97%
Birth month March
97%
Birth month October
97%
Birth month February
95%
Birth day 17th
94%
Birth day 10th
92%
Birth day 7th
92%
Birth day 7th
92%
Full name Kim Yoohyeon
92%
Full name Lee Siyeon
92%
Color Red
92%
Birth day 26th
90%
Birth day 3rd
90%
Color Dark blue
90%
Animal Fox
90%
Full name Kim Minji
90%
Full name Lee Gahyun
90%
Color Light blue
90%
Animal Bunny
89%
Color Pink
89%
Animal Wolf
89%
Animal Dog
87%
Color Green
87%
Full name Lee Yubin
87%
Animal Cat
85%
Animal Panda
85%
Animal Crow tit
84%
Color Yellow
84%
Hometown Seoul
81%
Zodiac sign Leo
74%
Color White
74%
Zodiac sign Taurus
71%
Zodiac sign Aquarius
65%
Zodiac sign Capricorn
65%
Zodiac sign Libra
65%
Zodiac sign Aries
63%
Zodiac sign Pisces
63%
Hometown Incheon
58%
Hometown Daegu
53%
English name Monica
53%
English name Lucy
52%
English name Emma
48%
English name Lily
48%
Hometown Wuhan
48%
English name Alice
47%
English name Rachel
45%
Hometown Daejeon
42%
English name Della
42%
Hometown Changwon
27%
Hometown Seongnam
23%
No matching quizzes found
Score Distribution
Percent of People with Each Score
Percentile by Number Answered
Your Score History
You have not taken this quiz